Laboratorio de pruebas. Turbina Banki
Gespeichert in:
| 1. Verfasser: | |
|---|---|
| Weitere Verfasser: | |
| Format: | Unbekannt |
| Veröffentlicht: |
[San José, Costa Rica]
1980
|
| Tags: |
Tag hinzufügen
Keine Tags, Fügen Sie den ersten Tag hinzu!
|
MARC
| LEADER | 00000 a2200000 4500 | ||
|---|---|---|---|
| 003 | 001676 | ||
| 005 | 20221231143744.0 | ||
| 008 | 140114s1980 c a m 000 ||s d | ||
| 040 | |c cru CEDI | ||
| 090 | |a TFG 1071 | ||
| 100 | |a Campos Echeverría, José M |9 15793 | ||
| 245 | |a Laboratorio de pruebas. Turbina Banki | ||
| 260 | |c 1980 |a [San José, Costa Rica] | ||
| 300 | |a 63 hojas ;ilustraciones 5 planos plegables | ||
| 500 | |a A la cabeza de la portada. Proyecto de graduación. IM-410. Universidad de Costa Rica. Facultad de Ingeniería. Escuela de Ingeniería Mecánica | ||
| 700 | |9 15683 |a Pareja Gil, Fernando | ||
| 942 | |c TFG | ||
| 999 | |c 11329 |d 11329 | ||
